000 00440nam a22001697a 4500
005 20260313135445.0
008 260313b |||||||| |||| 00| 0 eng d
037 _cTextbook
040 _aFMUL
_cFMUL
084 _aNR44 R4;49
_qFMUL
100 _aSaraf, Rma
_91132013
245 _aBhartiye sangeet sarita
260 _aDelhi
_bvidhanidhi pub.
_c2024
300 _a297 p.
650 _aFMUL
942 _2CC
_cTB
_hNR44 R4;49
_n0
999 _c1715361
_d1715361